Language Quiz

Random Language or French Quiz

French 1 Winter Verb Conjugations Quiz Stats

 Plays Quiz not verified by Sporcle

Support Sporcle.
Go Orange.
Score 0/120 Timer 15:00
0 Plays Today
Verb Verb Form % Correct
parlerparle
92.1%
parlerparle
89.8%
parlerparles
89.4%
parlerparlons
88.6%
parlerparlez
88.6%
parlerparlent
86.6%
finirfinis
83.5%
finirfinis
83.1%
finirfinit
80.7%
attendreattends
76.4%
attendreattend
76.4%
attendreattendons
76.4%
attendreattendez
76.4%
attendreattendent
76.4%
attendreattends
76%
finirfinissons
74.8%
finirfinissent
74.4%
finirfinissez
74%
êtresuis
67.7%
êtrees
66.9%
êtreest
66.9%
allerallons
66.5%
allerallez
66.5%
fairefais
66.5%
fairefait
66.5%
fairefais
66.1%
allervais
65.7%
allerva
65.7%
avoirai
65.4%
allervas
65.4%
êtresommes
65%
avoiras
65%
avoira
65%
avoiravons
64.6%
avoiravez
64.6%
êtresont
64.2%
allervont
63.8%
fairefaisons
63.8%
avoiront
62.6%
diredis
62.2%
Verb Verb Form % Correct
diredis
62.2%
diredit
62.2%
préférerpréférez
61.8%
préférerpréférons
61.4%
préférerpréfère
61%
préférerpréfères
61%
appelerappelons
61%
appelerappelez
61%
préférerpréfère
60.6%
fairefont
60.2%
préférerpréfèrent
59.4%
leverlevons
59.4%
leverlevez
59.4%
diredisons
59.4%
pouvoirpeux
59.4%
pouvoirpeux
59.4%
appelerappelle
59.1%
pouvoirpeut
59.1%
vouloirveux
59.1%
vouloirveux
59.1%
vouloirvoulons
59.1%
vouloirvoulez
59.1%
appelerappelles
58.7%
prendreprend
58.7%
appelerappelle
58.3%
pouvoirpouvons
58.3%
pouvoirpouvez
58.3%
vouloirveut
58.3%
prendreprends
58.3%
prendreprends
58.3%
appelerappellent
57.9%
leverlève
57.5%
leverlèves
57.5%
leverlève
57.5%
voirvois
57.1%
leverlèvent
56.7%
promenerpromenons
56.7%
voirvois
56.7%
savoirsais
56.3%
voirvoit
56.3%
Verb Verb Form % Correct
promenerpromène
55.9%
promenerpromènes
55.9%
promenerpromène
55.9%
fairefaites
55.9%
savoirsais
55.9%
promenerpromenez
55.5%
promenerpromènent
55.1%
êtreêtes
55.1%
diredisent
55.1%
vouloirveulent
55.1%
savoirsait
54.7%
pouvoirpeuvent
54.3%
connaîtreconnais
54.3%
connaîtreconnais
54.3%
prendreprenons
54.3%
prendreprenez
54.3%
ennuyerennuyons
53.1%
ennuyerennuyez
53.1%
savoirsavons
53.1%
savoirsavez
53.1%
venirviens
52.8%
venirviens
52.8%
savoirsavent
52.4%
venirvient
52.4%
venirvenez
51.6%
venirvenons
51.2%
ennuyerennuient
50.8%
diredites
50.8%
ennuyerennuie
50.4%
ennuyerennuies
50.4%
ennuyerennuie
50.4%
prendreprennent
50.4%
voirvoyons
48.8%
voirvoyez
48.8%
connaîtreconnaît
48.4%
connaîtreconnaissons
48%
connaîtreconnaissez
48%
voirvoient
46.9%
venirviennent
46.5%
connaîtreconnaissent
46.1%

You're not logged in!

Compare scores with friends on all Sporcle quizzes.
OR
Log In

From the Vault

Brady Bunch?

by sproutcm

Getting all these people in a show together would be...interesting to say the least.
Remove Ads.
Support Sporcle.
Get the best of Sporcle when you Go Orange. This ad-free experience offers more features, more stats, and more fun while also helping to support Sporcle. Thank you for becoming a member.

Show Comments

Extras

Top Quizzes Today


Score Distribution

Your Account Isn't Verified!

In order to create a playlist on Sporcle, you need to verify the email address you used during registration. Go to your Sporcle Settings to finish the process.

Report this User

Report this user for behavior that violates our Community Guidelines.

Details: